| 000 | 00456nam a22001577a 4500 | ||
|---|---|---|---|
| 003 | SISC | ||
| 005 | 20160819124813.0 | ||
| 008 | 151006b xxu||||| |||| 00| 0 eng d | ||
| 020 | _a9789351155072 | ||
| 050 |
_aGT 3405 _b.C748 2015 |
||
| 245 | _aConferences and events management / | ||
| 260 |
_aUAE : _b3G elearning, _c2015. |
||
| 300 |
_av, 259 pages : _billustrations ; _c24 cm. _e1 DVD. |
||
| 650 |
_aSpecial events _xManagement. |
||
| 942 |
_2lcc _cBK _kFOR |
||
| 999 |
_c288819 _d288819 |
||